000 01416nam a2200373 c 4500
003 BLK
005 20250630115021.0
008 180411b bul|||||r ||||||| ||bul||
010 _aKNG00186527000
020 _a978-954-26-1538-5
_bиздат.: Хермес
040 _aBLK
041 _aBUL
_cBUL
072 7 _2bullib
_aН8301
_xТрилъри Н
080 _aНемска литература
_b821.112.2
_x-312.4
_z821.112.2-312.4
100 1 _aЗендкер, Ян-Филип
_eпърви автор
_969633
700 1 _aРуева, Нина Стоянова
_eпрев.
_9373221
139 _aЗендкер, Ян-Филип
_bЗ 58
245 1 0 _aШепотът на сенките
_bРоман
_cЯн-Филип Зендкер; прев. Нина Стоянова Руева.
257 _aDEU
260 Пловдив
_bХермес
_c2016
_fСофия : Алианс принт
300 _a336 с.
_c20 см
380 _aX
490 1 _aПолетът на дракона
_vКн. 1
500 _aОриг. загл. Das Flustern der Schatten / Jan-Philipp Sendker.
653 _aтрилъри
653 _aромани
659 _aН
852 _aЦб 279538
856 4 _qpdf
_u
856 4 _qpdf
_u
942 _cKNG
_n0
_040
944 _aCR
_c16.02.2016
_lЦветелина Шанова
_k30531
944 _aED
_c27.09.2017
_lф /
_kЛюдмила_Стоянова
999 _c177830
_d177830